[Event "HUN-chT2 Asztalos 1819"]
[Site "Hungary"]
[Date "2019.02.24"]
[Round "6.4"]
[White "Toth, Gyorgy"]
[Black "Nagybiro, Laszlo"]
[Result "1/2-1/2"]
[WhiteElo "1843"]
[BlackElo "2160"]
[PlyCount "91"]
[EventDate "2018.10.28"]
[EventType "team-tourn"]
[EventRounds "9"]
[EventCountry "HUN"]
[SourceTitle "CBM 189 Extra"]
[Source "ChessBase"]
[SourceDate "2019.06.03"]
[SourceVersion "1"]
[SourceVersionDate "2019.06.03"]
[SourceQuality "1"]
[WhiteTeam "Karmin"]
[BlackTeam "Decs 1990"]
[WhiteTeamCountry "HUN"]
[BlackTeamCountry "HUN"]

1. d4 Nf6 2. c4 g6 3. Nc3 d5 4. Nf3 Bg7 5. cxd5 Nxd5 6. e4 Nxc3 7. bxc3 c5 8. Bb5+ Bd7 9. Qa4 0-0 10. Bxd7 Nxd7 11. Be3 Nb6 12. Qb3 cxd4 13. cxd4 Qd7 14. 0-0 Rac8 15. Rab1 Rc4 16. Nd2 Rc7 17. d5 Na4 18. Bf4 Nc5 19. Qa3 Rcc8 20. Qxa7 f5 21. Be3 Nxe4 22. Nxe4 fxe4 23. Rxb7 Qxd5 24. Rxe7 Bf6 25. Rxh7 Ra8 26. Qc7 Rf7 27. Qxf7+ Qxf7 28. Rxf7 Kxf7 29. f3 Ra3 30. Bc5 Ra5 31. Bb4 Bd4+ 32. Kh1 Rxa2 33. fxe4+ Ke6 34. h3 Re2 35. Re1 Rxe1+ 36. Bxe1 Ke5 37. Kh2 Kxe4 38. Kg3 Kf5 39. Kf3 g5 40. Ke2 Bc5 41. Bf2 Bb4 42. Kd3 Bf8 43. Kd4 Bb4 44. Kd5 Be7 45. Bd4 g4 46. hxg4+ 1/2-1/2

[Event "LSS No Engine Cup 87 Preliminary 3"]
[Site "LSS email"]
[Date "2013.05.06"]
[Round "?"]
[White "Kolanek, Roman"]
[Black "Toth, Gyorgy"]
[Result "1-0"]
[WhiteElo "1979"]
[BlackElo "1567"]
[PlyCount "29"]
[EventDate "2013.05.07"]
[EventType "tourn (corr)"]
[EventRounds "6"]
[EventCountry "GER"]
[SourceTitle "Corr 2015"]
[Source "ChessBase"]
[SourceDate "2015.07.17"]
[SourceVersion "1"]
[SourceVersionDate "2015.07.17"]
[SourceQuality "1"]

1. d4 Nf6 2. c4 e6 3. Nf3 b6 4. a3 Ba6 5. Qc2 Be7 6. e4 d6 7. Nc3 0-0 8. e5 Ne8 9. Bd3 Bb7 10. Bxh7+ Kh8 11. Be4 Bxe4 12. Nxe4 g6 13. Qd2 f6 14. Qh6+ Kg8 15. Qxg6+ 1-0

[Event "LSS No Engine Cup 87 Preliminary 3"]
[Site "LSS email"]
[Date "2013.05.06"]
[Round "?"]
[White "Pech, Jaroslav Jr"]
[Black "Toth, Gyorgy"]
[Result "1-0"]
[WhiteElo "1662"]
[BlackElo "1567"]
[PlyCount "39"]
[EventDate "2013.05.07"]
[EventType "tourn (corr)"]
[EventRounds "6"]
[EventCountry "GER"]
[SourceTitle "Telechess CBM 163"]
[Source "ChessBase"]
[SourceDate "2014.11.11"]
[SourceVersion "2"]
[SourceVersionDate "2014.11.11"]
[SourceQuality "1"]

1. e4 c5 2. Nf3 d6 3. d4 cxd4 4. Nxd4 Nf6 5. Nc3 g6 6. Be3 Bg7 7. f3 0-0 8. Qd2 Nc6 9. 0-0-0 d5 10. exd5 Nxd5 11. Nxc6 bxc6 12. Nxd5 cxd5 13. Qxd5 Qc7 14. Qc5 Qb7 15. Qa3 Rb8 16. Bd4 e5 17. Bc3 Bf5 18. Ba6 Qc6 19. Bd3 Be6 20. Qa5 1-0

[Event "LSS No Engine Cup 87 Preliminary 3"]
[Site "LSS email"]
[Date "2013.05.06"]
[Round "?"]
[White "Toth, Gyorgy"]
[Black "Rodriguez, Juan Antonio"]
[Result "1-0"]
[WhiteElo "1567"]
[BlackElo "1198"]
[PlyCount "61"]
[EventDate "2013.05.07"]
[EventType "tourn (corr)"]
[EventRounds "6"]
[EventCountry "GER"]
[SourceTitle "Telechess CBM 163"]
[Source "ChessBase"]
[SourceDate "2014.11.11"]
[SourceVersion "2"]
[SourceVersionDate "2014.11.11"]
[SourceQuality "1"]

1. e4 c6 2. d4 d5 3. Nc3 dxe4 4. Nxe4 Bf5 5. Ng3 Bg6 6. Nf3 Nd7 7. Bf4 e6 8. h4 h6 9. Bd3 Ne7 10. Qe2 Qa5+ 11. Bd2 Qc7 12. c4 Nb6 13. Ne5 Bxd3 14. Qxd3 Nd7 15. Bf4 Nxe5 16. Bxe5 Qa5+ 17. Qc3 Qxc3+ 18. bxc3 Ng6 19. Bc7 Rc8 20. Ba5 c5 21. dxc5 Bxc5 22. Ne4 Be7 23. Bb4 Rxc4 24. Nd2 Bxb4 25. Nxc4 Bxc3+ 26. Ke2 Bxa1 27. Rxa1 Ke7 28. Na5 Rb8 29. Rb1 Nf4+ 30. Kf3 Nd5 31. Nc6+ 1-0

[Event "BI-2013-P-00010"]
[Site "LSS email"]
[Date "2013.04.22"]
[Round "?"]
[White "Tabudlong, Ronnie M"]
[Black "Toth, Gyorgy"]
[Result "1-0"]
[WhiteElo "1411"]
[BlackElo "1566"]
[PlyCount "87"]
[EventDate "2013.04.25"]
[EventType "tourn (corr)"]
[EventRounds "10"]
[EventCountry "GER"]
[SourceTitle "Telechess CBM 167"]
[Source "ChessBase"]
[SourceDate "2015.07.13"]
[SourceVersion "1"]
[SourceVersionDate "2015.07.13"]
[SourceQuality "1"]

1. d4 Nf6 2. Nf3 g6 3. c4 Bg7 4. Nc3 0-0 5. e4 d6 6. h3 Na6 7. a3 e5 8. dxe5 dxe5 9. Qc2 b6 10. Be2 Bb7 11. 0-0 Qe7 12. Nd5 Nxd5 13. cxd5 c6 14. dxc6 Rac8 15. Bg5 Bf6 16. Bxf6 Qxf6 17. b4 Rxc6 18. Qa4 Nb8 19. Qxa7 Rc7 20. Rac1 Re7 21. b5 Bxe4 22. Rc7 Ree8 23. Rd1 Rd8 24. Rxd8 Rxd8 25. Nh2 Bf5 26. g4 Be6 27. Qxb6 Nd7 28. Qe3 e4 29. Nf1 Qe5 30. Qc3 Qxc3 31. Rxc3 f5 32. a4 Ra8 33. Rc6 Kf7 34. Ra6 Rc8 35. b6 Ke7 36. Ra7 Kd6 37. a5 Rc2 38. Bb5 Ne5 39. Ra8 Rb2 40. b7 Rxb5 41. b8Q+ Rxb8 42. Rxb8 Kc7 43. Re8 Kd7 44. Rh8 1-0

[Event "SC-2013-0-00179"]
[Site "LSS email"]
[Date "2013.03.19"]
[Round "?"]
[White "Van Rooijen, Peter"]
[Black "Toth, Gyorgy"]
[Result "1-0"]
[WhiteElo "1663"]
[BlackElo "1566"]
[PlyCount "73"]
[EventDate "2013.02.11"]
[EventType "tourn (corr)"]
[EventRounds "6"]
[EventCountry "GER"]
[SourceTitle "Telechess CBM 167"]
[Source "ChessBase"]
[SourceDate "2015.07.13"]
[SourceVersion "1"]
[SourceVersionDate "2015.07.13"]
[SourceQuality "1"]

1. b4 e5 2. Bb2 Bxb4 3. f4 d6 4. Nf3 Nf6 5. fxe5 Ng4 6. c3 Bc5 7. d4 dxe5 8. h3 Ne3 9. Qd3 exd4 10. cxd4 Nxf1 11. dxc5 Qxd3 12. exd3 Ng3 13. Rg1 Na6 14. Bxg7 Rg8 15. Be5 Nxc5 16. Bxc7 Nxd3+ 17. Kd2 Nc5 18. Nc3 Be6 19. Rae1 Kd7 20. Be5 Rad8 21. Bf6 Kc6+ 22. Bxd8 Rxd8+ 23. Ke3 Nf5+ 24. Kf4 Nd3+ 25. Ke4 Ng3+ 26. Ke3 Nxe1 27. Rxe1 Nf5+ 28. Kf2 Rc8 29. g4 Nd6 30. Rd1 a6 31. Ke3 b5 32. Kf4 Kb7 33. Nd5 Rc4+ 34. Ke5 Ne4 35. Rd4 Bxd5 36. Rxd5 Nc3 37. Rd7+ 1-0

[Event "SC-2013-0-00179"]
[Site "LSS email"]
[Date "2013.03.18"]
[Round "?"]
[White "Bauer, Rudolf"]
[Black "Toth, Gyorgy"]
[Result "1-0"]
[WhiteElo "1736"]
[BlackElo "1566"]
[PlyCount "49"]
[EventDate "2013.02.11"]
[EventType "tourn (corr)"]
[EventRounds "6"]
[EventCountry "GER"]
[SourceTitle "Telechess CBM 167"]
[Source "ChessBase"]
[SourceDate "2015.07.13"]
[SourceVersion "1"]
[SourceVersionDate "2015.07.13"]
[SourceQuality "1"]

1. e4 c5 2. Nf3 d6 3. d4 cxd4 4. Nxd4 Nf6 5. Nc3 g6 6. Be3 Bg7 7. f3 0-0 8. Bc4 Nc6 9. Qe2 Bd7 10. 0-0-0 Ne5 11. Bb3 Rc8 12. g4 Qa5 13. Kb1 Rxc3 14. Bd2 Rxc2 15. Nxc2 Qb6 16. Be3 Qb5 17. Qxb5 Bxb5 18. Nd4 Bd3+ 19. Ka1 Rc8 20. Rc1 Rc5 21. g5 Nfd7 22. a4 Ra5 23. Rc8+ Bf8 24. Ba2 Rxa4 25. b3 1-0

[Event "SB-2013-0-00296"]
[Site "LSS email"]
[Date "2013.03.17"]
[Round "?"]
[White "Eshuis, Johannes"]
[Black "Toth, Gyorgy"]
[Result "1-0"]
[WhiteElo "1939"]
[BlackElo "1567"]
[PlyCount "43"]
[EventDate "2013.02.23"]
[EventType "tourn (corr)"]
[EventRounds "6"]
[EventCountry "GER"]
[SourceTitle "Telechess CBM 163"]
[Source "ChessBase"]
[SourceDate "2014.11.11"]
[SourceVersion "2"]
[SourceVersionDate "2014.11.11"]
[SourceQuality "1"]

1. e4 e5 2. f4 exf4 3. Nf3 Be7 4. Bc4 Bh4+ 5. Kf1 Be7 6. d4 Nf6 7. Qe2 c6 8. e5 Nh5 9. g4 fxg3 10. Kg2 b5 11. Bxf7+ Kxf7 12. Ng5+ Kg8 13. Qxh5 g6 14. Qf3 Bxg5 15. Rf1 Qe8 16. Bxg5 h6 17. Bf6 Rh7 18. Nc3 Bb7 19. d5 Na6 20. Ne4 cxd5 21. Nd6 Qb8 22. Qxg3 1-0

[Event "SB-2013-0-00296"]
[Site "LSS email"]
[Date "2013.03.17"]
[Round "?"]
[White "Herzog, Klaus"]
[Black "Toth, Gyorgy"]
[Result "1-0"]
[WhiteElo "1784"]
[BlackElo "1567"]
[PlyCount "81"]
[EventDate "2013.02.23"]
[EventType "tourn (corr)"]
[EventRounds "6"]
[EventCountry "GER"]
[SourceTitle "Telechess CBM 163"]
[Source "ChessBase"]
[SourceDate "2014.11.11"]
[SourceVersion "2"]
[SourceVersionDate "2014.11.11"]
[SourceQuality "1"]

1. d4 Nf6 2. c4 g6 3. Nc3 d5 4. cxd5 Nxd5 5. e4 Nxc3 6. bxc3 Bg7 7. Bc4 c5 8. Ne2 Nc6 9. Be3 0-0 10. 0-0 Qc7 11. Rc1 Rd8 12. Bf4 Qd7 13. d5 Ne5 14. Bxe5 Bxe5 15. f4 Bg7 16. Qb3 Qc7 17. e5 Qb6 18. Ng3 Qxb3 19. Bxb3 b6 20. Ne4 Bf5 21. Rfe1 Bxe4 22. Rxe4 b5 23. c4 b4 24. Ba4 Rab8 25. Re2 Rb6 26. Rb1 Ra6 27. Bb5 Ra3 28. Rb3 Rxb3 29. axb3 f6 30. d6 Kf8 31. exf6 Bxf6 32. d7 Bd4+ 33. Kh1 e5 34. fxe5 Ke7 35. e6 Rf8 36. g4 h6 37. Bc6 a5 38. Kg2 Rb8 39. Ra2 Kxe6 40. Rxa5 Bf6 41. Rxc5 1-0

[Event "SB-2013-0-00296"]
[Site "LSS email"]
[Date "2013.03.17"]
[Round "?"]
[White "Schulz, Hans Juergen"]
[Black "Toth, Gyorgy"]
[Result "0-1"]
[WhiteElo "1682"]
[BlackElo "1567"]
[PlyCount "148"]
[EventDate "2013.02.23"]
[EventType "tourn (corr)"]
[EventRounds "6"]
[EventCountry "GER"]
[SourceTitle "Telechess CBM 163"]
[Source "ChessBase"]
[SourceDate "2014.11.11"]
[SourceVersion "2"]
[SourceVersionDate "2014.11.11"]
[SourceQuality "1"]

1. e4 e5 2. Nf3 Nc6 3. Bb5 Nf6 4. 0-0 Bc5 5. c3 0-0 6. d4 Bb6 7. Bg5 h6 8. Bh4 d6 9. Qd3 Bd7 10. Nbd2 a6 11. Bc4 Re8 12. h3 Qe7 13. Rfe1 g5 14. Nxg5 hxg5 15. Bxg5 Kh7 16. Qg3 Rh8 17. Re3 Nh5 18. Bxe7 Nxg3 19. Bf6 Nh5 20. Bxh8 Rxh8 21. Rf3 f6 22. Bf7 Kg7 23. Bxh5 Rxh5 24. d5 Ne7 25. a4 f5 26. a5 Ba7 27. c4 Rh8 28. Rg3+ Ng6 29. Rb3 Rb8 30. g3 f4 31. Kg2 Nf8 32. g4 Ng6 33. Nf3 Bc5 34. Ra2 Nh8 35. Ne1 Kg6 36. Nd3 Bd4 37. Ra1 Kh6 38. Ne1 Ng6 39. Nf3 Bc5 40. Kf1 Nf8 41. Ke2 Nh7 42. Ke1 Kg7 43. Kf1 Nf6 44. Nd2 Kg6 45. Kg2 c6 46. f3 Kg5 47. Rh1 Kh4 48. dxc6 Bxc6 49. Ra1 Rc8 50. Rc1 Rc7 51. Rd3 Bb4 52. b3 Bxa5 53. Rxd6 Rd7 54. Rxd7 Nxd7 55. Rd1 Nc5 56. Nb1 Nxb3 57. Rd6 Nd4 58. Rh6+ Kg5 59. Rh5+ Kf6 60. Rh6+ Kf7 61. Rh5 Bb4 62. Rxe5 a5 63. h4 a4 64. h5 a3 65. Nxa3 Bxa3 66. c5 Bb2 67. g5 Ne6 68. Rf5+ Kg7 69. Kh3 Bd4 70. Kg4 Bd7 71. Rd5 Bc8 72. Rxd4 Nxd4+ 73. Kxf4 Ne6+ 74. Ke5 Nxc5 0-1

[Event "ZI-2013-0-01518"]
[Site "LSS email"]
[Date "2013.02.08"]
[Round "?"]
[White "Toth, Gyorgy"]
[Black "Fiser, Otakar"]
[Result "1-0"]
[WhiteElo "1786"]
[BlackElo "1343"]
[PlyCount "97"]
[EventDate "2013.02.05"]
[EventType "match (corr)"]
[EventRounds "2"]
[EventCountry "GER"]
[SourceTitle "Telechess CBM 159"]
[Source "ChessBase"]
[SourceDate "2014.03.17"]
[SourceVersion "1"]
[SourceVersionDate "2014.03.17"]
[SourceQuality "1"]

1. d4 Nf6 2. c4 g6 3. g3 Bg7 4. Bg2 0-0 5. Nc3 d6 6. Nf3 Nbd7 7. 0-0 e5 8. e4 c6 9. b3 exd4 10. Nxd4 Nc5 11. h3 Re8 12. Re1 h6 13. Bf4 a6 14. b4 Ne6 15. Nxe6 Rxe6 16. Qd2 g5 17. Be3 Re8 18. Rad1 Be6 19. Na4 Nd7 20. Qxd6 Ne5 21. Nb6 Qxd6 22. Rxd6 Rad8 23. c5 Rxd6 24. cxd6 Rd8 25. Rd1 Bxa2 26. f4 Bb3 27. Rd2 Nc4 28. Nxc4 Bxc4 29. d7 Be6 30. f5 Bxd7 31. Bb6 Rb8 32. Rxd7 Bc3 33. Bc5 b6 34. Bd6 Rc8 35. e5 c5 36. Bb7 Re8 37. Bd5 Rxe5 38. Bxe5 Bxe5 39. bxc5 Bd4+ 40. Kg2 Bxc5 41. Bxf7+ Kf8 42. Bg6 a5 43. Rb7 a4 44. f6 Kg8 45. Rb8+ Bf8 46. Rxb6 a3 47. Bb1 h5 48. Rb8 Kf7 49. Ba2+ 1-0

[Event "OP-2013-0-02617"]
[Site "LSS email"]
[Date "2013.01.30"]
[Round "?"]
[White "Toth, Gyorgy"]
[Black "Dlugolecki, Grzegorz"]
[Result "1-0"]
[WhiteElo "1567"]
[BlackElo "1523"]
[PlyCount "129"]
[EventDate "2013.01.27"]
[EventType "tourn (corr)"]
[EventRounds "4"]
[EventCountry "GER"]
[SourceTitle "Telechess CBM 163"]
[Source "ChessBase"]
[SourceDate "2014.11.11"]
[SourceVersion "2"]
[SourceVersionDate "2014.11.11"]
[SourceQuality "1"]

1. d4 b5 2. e4 Bb7 3. Bd3 Nf6 4. Qe2 c5 5. c3 cxd4 6. cxd4 e6 7. Nf3 Bb4+ 8. Nc3 d5 9. e5 Bxc3+ 10. bxc3 Ne4 11. Bxb5+ Bc6 12. Bd3 Nxc3 13. Qc2 Ne4 14. 0-0 0-0 15. Ba3 Re8 16. Rab1 Qa5 17. Bd6 Ba4 18. Qe2 Nc6 19. Bxe4 dxe4 20. Qxe4 Qd5 21. Qxd5 exd5 22. Rfc1 Rec8 23. g3 Nd8 24. Nh4 Bc2 25. Rb2 Be4 26. Rxc8 Rxc8 27. f3 Bd3 28. Kf2 Rc2+ 29. Rxc2 Bxc2 30. Bc5 Bb1 31. a3 a6 32. g4 g6 33. f4 Ne6 34. Ke3 Bc2 35. f5 Ng7 36. fxg6 fxg6 37. Ng2 Kf7 38. Nf4 Bb3 39. Nd3 Bc4 40. a4 Bxd3 41. Kxd3 Ne6 42. Bb6 h5 43. gxh5 gxh5 44. Kc3 Ng5 45. Bd8 Nf3 46. h4 Ke8 47. Bf6 Kf7 48. Kd3 Ke6 49. Ke3 Ne1 50. Bg5 Nc2+ 51. Kd3 Ne1+ 52. Ke2 Nc2 53. Be3 a5 54. Kd3 Na3 55. Bc1 Nc4 56. Kc3 Nb6 57. Kb3 Kd7 58. Bg5 Nc4 59. Bh6 Ke6 60. Bc1 Nb6 61. Ba3 Nc4 62. Bb4 axb4 63. Kxb4 Kd7 64. Kc5 Ke6 65. Kb5 1-0

[Event "OP-2013-0-02613"]
[Site "LSS email"]
[Date "2013.01.28"]
[Round "?"]
[White "Ederer, Karel"]
[Black "Toth, Gyorgy"]
[Result "1-0"]
[WhiteElo "2052"]
[BlackElo "1764"]
[PlyCount "61"]
[EventDate "2013.01.26"]
[EventType "tourn (corr)"]
[EventRounds "4"]
[EventCountry "GER"]
[SourceTitle "Telechess CBM 159"]
[Source "ChessBase"]
[SourceDate "2014.03.17"]
[SourceVersion "1"]
[SourceVersionDate "2014.03.17"]
[SourceQuality "1"]

1. e4 c5 2. Nf3 d6 3. d4 cxd4 4. Nxd4 Nf6 5. Nc3 g6 6. Be3 Bg7 7. f3 0-0 8. Qd2 Nc6 9. 0-0-0 d5 10. exd5 Nxd5 11. Nxc6 bxc6 12. Bd4 e5 13. Bc5 Be6 14. Ne4 Re8 15. h4 Nf4 16. Qe1 Qc7 17. h5 Nxh5 18. g4 Nf4 19. Qh4 h6 20. Nf6+ Kh8 21. Qg5 Nh5 22. Rxh5 gxh5 23. Qxh5 Reb8 24. Bc4 Qa5 25. Be3 Qb4 26. Bxh6 Qxb2+ 27. Kd2 Qd4+ 28. Ke1 Qg1+ 29. Bf1 Qg3+ 30. Kd2 Qf2+ 31. Kc1 1-0

[Event "HUN-chT2 Asztalos 1213"]
[Site "Hungary"]
[Date "2012.10.07"]
[Round "2.9"]
[White "Toth, Gyorgy"]
[Black "Mausz, Antal"]
[Result "1/2-1/2"]
[WhiteElo "1775"]
[BlackElo "1792"]
[PlyCount "37"]
[EventDate "2012.09.16"]
[EventType "team-tourn"]
[EventRounds "9"]
[EventCountry "HUN"]
[SourceTitle "EXT 2014"]
[Source "ChessBase"]
[SourceDate "2013.11.20"]
[SourceVersion "1"]
[SourceVersionDate "2013.11.20"]
[SourceQuality "1"]
[WhiteTeam "Pecs Karmin"]
[BlackTeam "Mohacs"]
[WhiteTeamCountry "HUN"]
[BlackTeamCountry "HUN"]

1. e4 e5 2. Nf3 Nc6 3. Bb5 a6 4. Ba4 Nf6 5. 0-0 b5 6. Bb3 Be7 7. Re1 d6 8. h3 0-0 9. c3 Na5 10. Bc2 c5 11. d4 cxd4 12. cxd4 Qc7 13. Bg5 Bd7 14. Nc3 Bc6 15. d5 Bd7 16. Nd2 Rac8 17. Rc1 Nc4 18. Nxc4 Qxc4 19. Bb3 1/2-1/2